[Event "ECU-chT U20 Girls"]
[Site "Carpuela"]
[Date "2014.05.04"]
[Round "3.3"]
[White "Aguinda Andi, Daniela Lizbeth"]
[Black "Maldonado Procel, Shaden Salom"]
[Result "0-1"]
[WhiteElo "1652"]
[BlackElo "1414"]
[PlyCount "76"]
[EventDate "2014.05.03"]
[EventType "team-swiss"]
[EventRounds "7"]
[EventCountry "ECU"]
[SourceTitle "CBM 160 Extra"]
[Source "ChessBase"]
[SourceDate "2014.07.01"]
[SourceVersion "1"]
[SourceVersionDate "2014.07.01"]
[SourceQuality "1"]
[WhiteTeam "Napo (W)"]
[BlackTeam "Loja (W)"]
[WhiteTeamCountry "ECU"]
[BlackTeamCountry "ECU"]

1. d4 d5 2. Nf3 e6 3. g3 c5 4. Bg2 Nc6 5. 0-0 Nf6 6. b3 Be7 7. Ba3 b6 8. dxc5 bxc5 9. c4 0-0 10. Nbd2 Qa5 11. Bb2 Rd8 12. Qc2 Ba6 13. Bc3 Qc7 14. Rfe1 d4 15. Bb2 Bb7 16. Rad1 Nb4 17. Qb1 a5 18. a3 Nc6 19. Ne4 Nxe4 20. Qxe4 a4 21. Qc2 axb3 22. Qxb3 Na5 23. Qd3 e5 24. e4 dxe3 25. Qc3 exf2+ 26. Kxf2 f6 27. Rd2 e4 28. Rxd8+ Rxd8 29. Ng5 Rd3 30. Ne6 Qb6 31. Qc2 Qxe6 32. Qxd3 Qf5+ 33. Qf3 exf3 34. Bf1 Bd6 35. Re8+ Kf7 36. Re1 Be5 37. Bc1 Qc2+ 38. Ke3 Bd4+ 0-1

[Event "ECU-chT U20 Girls"]
[Site "Carpuela"]
[Date "2014.05.04"]
[Round "4.3"]
[White "Maldonado Procel, Shaden Salom"]
[Black "Carrillo Toasa, Geovana Guada"]
[Result "1-0"]
[WhiteElo "1414"]
[BlackElo "1545"]
[PlyCount "73"]
[EventDate "2014.05.03"]
[EventType "team-swiss"]
[EventRounds "7"]
[EventCountry "ECU"]
[SourceTitle "CBM 160 Extra"]
[Source "ChessBase"]
[SourceDate "2014.07.01"]
[SourceVersion "1"]
[SourceVersionDate "2014.07.01"]
[SourceQuality "1"]
[WhiteTeam "Loja (W)"]
[BlackTeam "Cotopaxi (W)"]
[WhiteTeamCountry "ECU"]
[BlackTeamCountry "ECU"]

1. e4 e5 2. Nf3 Nc6 3. Bc4 Bc5 4. Nc3 Nf6 5. d3 h6 6. Be3 Qe7 7. 0-0 d6 8. h3 Nd4 9. Bxd4 Bxd4 10. Nxd4 exd4 11. Ne2 Bd7 12. Nxd4 0-0-0 13. a4 Nh5 14. Qxh5 g6 15. Qf3 Qe5 16. Qg3 Qg5 17. Qxg5 hxg5 18. f4 g4 19. hxg4 Bxg4 20. b4 Rh7 21. f5 g5 22. a5 Rdh8 23. a6 b6 24. Nc6 Rh1+ 25. Kf2 R1h2 26. Bxf7 Kd7 27. Nxa7 R8h3 28. Be6+ Ke7 29. Nc6+ Kf6 30. a7 Bf3 31. a8Q Rxg2+ 32. Ke3 Bh5+ 33. Kd4 Bf7 34. Qd8+ Kg7 35. Bxf7 Rh8 36. f6+ Kh7 37. Rh1+ 1-0

[Event "ECU-chT U20 Girls"]
[Site "Carpuela"]
[Date "2014.05.03"]
[Round "1.3"]
[White "Sumba Tipan, Mirian Stefania"]
[Black "Maldonado Procel, Shaden Salom"]
[Result "1/2-1/2"]
[WhiteElo "1527"]
[BlackElo "1414"]
[PlyCount "81"]
[EventDate "2014.05.03"]
[EventType "team-swiss"]
[EventRounds "7"]
[EventCountry "ECU"]
[SourceTitle "CBM 160 Extra"]
[Source "ChessBase"]
[SourceDate "2014.07.01"]
[SourceVersion "1"]
[SourceVersionDate "2014.07.01"]
[SourceQuality "1"]
[WhiteTeam "Los Brios (W)"]
[BlackTeam "Loja (W)"]
[WhiteTeamCountry "ECU"]
[BlackTeamCountry "ECU"]

1. e4 e5 2. Nf3 Nc6 3. Bc4 Bc5 4. 0-0 Nf6 5. d3 h6 6. Nc3 d6 7. h3 0-0 8. Be3 Bb6 9. a4 Be6 10. Nd5 Bxd5 11. Bxd5 Ne7 12. Bb3 Ng6 13. a5 Bxe3 14. fxe3 d5 15. exd5 Nxd5 16. Qd2 Re8 17. Ra4 Nf6 18. Nh4 Kh7 19. Bxf7 Nxh4 20. Rxh4 Rf8 21. Be6 Qe7 22. Bc4 g5 23. Rxf6 Qxf6 24. Rg4 Qf1+ 25. Kh2 Rad8 26. Qb4 Qf6 27. Qxb7 Qd6 28. Qe4+ Qg6 29. Qb7 Rb8 30. Qxc7+ Qg7 31. Qxg7+ Kxg7 32. b3 Rf2 33. h4 Kf6 34. hxg5+ hxg5 35. c3 Rc2 36. e4 Rxc3 37. a6 Kg6 38. Rg3 Rh8+ 39. Kg1 Rc1+ 40. Kf2 Rhh1 41. Rf3 1/2-1/2